Countries by Language Map Quiz - Statistics

General Stats
  • This quiz has been taken 3,856 times
  • The average score is 17 of 22
Answers on the Map
Answers color-coded by a green-red scale on the quiz's map according to % correct below.
 
Answer Stats
Answer % Correct
Portuguese
96%
Spanish
95%
Italian
93%
Arabic
92%
Irish
91%
Japanese
89%
Hindi
88%
Persian
84%
Māori
79%
Russian
79%
Swedish
78%
Khmer
76%
Tagalog
75%
Malay
74%
Dutch
73%
Swahili
72%
Amharic
68%
Xhosa
67%
Tswana
64%
French
63%
Sinhala
63%
Hiri Motu
60%
No matching quizzes found
Score Distribution
Percent of People with Each Score
Percentile by Number Answered
Your Score History
You have not taken this quiz